| 000 | 01431cam a22003735i 4500 | ||
|---|---|---|---|
| 003 | PE-LiUPU | ||
| 005 | 20250731183345.0 | ||
| 008 | 140703s2014 pe a 000 0 spa | ||
| 020 | _a6124667509 | ||
| 020 | _a9786124667503 | ||
| 035 | _a(Sirsi) i9786124667503 | ||
| 040 |
_aDLC _bspa _erda _cDLC _dOCLCF _dPE-LiUPU |
||
| 049 | _aPRUA | ||
| 082 | 0 | 0 |
_a778.6 _bM43 _220 |
| 100 | 1 |
_aMerino Reyna Buchanan, Evelyn, _d1980-, _eautor. |
|
| 245 | 1 | 0 |
_aLima más arriba : _bEntre los Andes y el mar / _cfotografía aérea de Evelyn Merino Reyna Buchanan. |
| 264 | 1 |
_aLima : _bVisart Photography, _c2014. |
|
| 300 |
_a265 páginas : _bilustraciones ; _c30 centímetros. |
||
| 336 |
_text _2rdacontent |
||
| 337 |
_unmediated _2rdamedia |
||
| 338 |
_volume _2rdacarrier |
||
| 526 | _aP158 | ||
| 526 | _aP146 | ||
| 526 | _aP17 | ||
| 526 | _aP12 | ||
| 526 | _aP06 | ||
| 541 | _g003-001194; | ||
| 651 | 0 |
_aLima (Peru) _vLibros de láminas. |
|
| 942 |
_2ddc _cBOOK |
||
| 949 |
_a778.6 M43 _wDEWEY _c1 _i73905 _lCCODEBUL1 _mBUL _p76.71 _r0 _sY _tBOOK _u2016-6-20 _xINGENIERIA _PP06 _0COMPRA _o.STAFF. Colección General |
||
| 994 |
_aC0 _bPEPRU |
||
| 596 | _a1 | ||
| 999 |
_a778.6 M43 _wDEWEY _c10066 _i73905 _d10066 _e2019-9-11 _f2021-11-10 _g7 _lCCODEBUL1 _mBUL _n1 _p76.71 _q1 _r0 _sY _tBOOK _u2016-6-20 _xINGENIERIA _PP06 _0COMPRA _o.STAFF. Colección General |
||
| 980 |
_81 _gALBERTO SANCHEZ Responsable de Automatización |
||